Countries with a Silent H - Statistics

General Stats
  • This quiz has been taken 652 times
  • The average score is 3 of 6
Answer Stats
Continent Country % Correct
Asia Bhutan
73%
Asia Kazakhstan
62%
Asia Afghanistan
50%
Asia Thailand
47%
Africa Ghana
42%
Africa Lesotho
29%
No matching quizzes found
Score Distribution
Percent of People with Each Score
Percentile by Number Answered
Your Score History
You have not taken this quiz